MARC

Tag First Indicator Second Indicator Subfields
LEADER 00000cam a2200000 i 4500
001 in00003494595
005 20151206125533.0
008 140811s2014 caua 000 0 eng
010 |a  2014028104 
015 |a GBB493593  |2 bnb 
016 7 |a 016856435  |2 Uk 
020 |a 9781608873630  |q (hbk.) 
020 |a 1608873633  |q (hbk.) 
029 1 |a AU@  |b 000053647489 
029 1 |a NZ1  |b 15780956 
035 |a (OCoLC)ocn886880165 
035 |a (OCoLC)886880165 
040 |a DLC  |b eng  |e rda  |c DLC  |d IG#  |d UKMGB  |d OCLCO  |d YDXCP  |d OHRRH  |d OCLCQ  |d UtOrBLW 
043 |a n-us-ca 
049 |a TXAM 
050 0 0 |a F869.S36  |b H355 2014 
082 0 0 |a 979.4/61  |2 23 
100 1 |a Marshall, Jim,  |d 1936-2010. 
245 1 4 |a The Haight :  |b love, rock, and revolution : the photography of Jim Marshall /  |c written by Joel Selvin ; preface by Donovan ; foreword by Jorma Kaukonen ; afterword by John Poppy. 
264 1 |a San Rafael, CA :  |b Insight Editions,  |c 2014. 
300 |a 296 pages :  |b chiefly illustrations ;  |c 34 cm 
336 |a text  |b txt  |2 rdacontent 
336 |a still image  |b sti  |2 rdacontent 
337 |a unmediated  |b n  |2 rdamedia 
338 |a volume  |b nc  |2 rdacarrier 
505 0 |a Marshall in San Francisco -- The Haight begins -- Jefferson Airplane takes off -- Bill Graham finds the Fillmore -- Bob Dylan comes to town -- The Trips Festival -- Quicksilver Messenger Service -- Sights & sounds -- Enter Janis Joplin -- Monterey Jazz -- The end of the Beatles -- The L.A. scene -- The Haight blooms -- The Grateful Dead come to the Haight -- Grace Slick joins the Airplane -- The perfect storm -- Hell's Angels and the hippies -- The music begins to spread -- Girding for the summer of love -- New rock rising -- Monterey Pop -- Hendrix in the park -- The cardboard Beatles -- Big Sur Folk Festival -- The queens: Janis and Grace -- San Franciscan nights -- Airplane: high-flying bird -- Cream: British rock royalty -- Donovan: Carnaby Street flower power -- Dance classes at the straight -- The death of hippie -- Reverberation -- Northern California folk-rock -- Jimi and big brother -- A great day in the Haight -- The Dead move on. 
651 0 |a Haight-Ashbury (San Francisco, Calif.)  |x Social life and customs  |y 20th century  |v Pictorial works. 
651 0 |a San Francisco (Calif.)  |x Social life and customs  |y 20th century  |v Pictorial works. 
650 0 |a Rock musicians  |z California  |z San Francisco  |x History  |y 20th century  |v Pictorial works. 
650 0 |a Counterculture  |z California  |z San Francisco  |x History  |y 20th century  |v Pictorial works. 
651 0 |a San Francisco (Calif.)  |x Civilization. 
700 1 |a Selvin, Joel,  |e author. 
947 |a A14842936834 
945 |a PromptCat  |b 52823 
946 |a stk 
994 |a 92  |b TXA 
948 |a cataloged  |b h  |c 2015/2/3  |d c  |e jlanham  |f 2:40:10 pm 
999 |a MARS 
999 f f |s 10c81d46-fa3b-3b95-aa10-7d3b1d793fcf  |i 843e4189-a6a1-3083-8250-72df1c12d14e  |t 0 
952 f f |p ric  |a Texas A&M University  |b Rellis Campus  |c Joint Library Facility  |s JLF  |d Remote Storage  |t 0  |e F869.S36 H355 2014  |f Oversize  |h Library of Congress classification  |i unmediated -- volume  |m A14842936834 
998 f f |a F869.S36 H355 2014  |t 0  |l Remote Storage